My motherland / (Record no. 15581)

MARC details
000 -LEADER
fixed length control field 00765nam a22002297a 4500
005 - DATE AND TIME OF LATEST TRANSACTION
control field 20080923102150.0
008 - FIXED-LENGTH DATA ELEMENTS--GENERAL INFORMATION
fixed length control field 080923t xxu||||| |||| 00| 0 eng d
010 ## - LCCN (DPL NO)
LC control number ENG-91029
020 ## - INTERNATIONAL STANDARD BOOK NUMBER
Terms of availability 100.00
International Standard Book Number 8177352393
035 ## - SYSTEM CONTROL NUMBER
System control number EN-74562
037 ## - SOURCE OF ACQUISITION
Source of stock number/acquisition DBAD / PUB
040 ## - CATALOGING SOURCE
Original cataloging agency dpl
Language of cataloging English
082 ## - DEWEY DECIMAL CLASSIFICATION NUMBER
Classification number 954
100 ## - MAIN ENTRY--PERSONAL NAME
Personal name Shankaran, P.
245 ## - TITLE STATEMENT
Title My motherland /
Statement of responsibility, etc by P. Shankaran
260 ## - PUBLICATION, DISTRIBUTION, ETC. (IMPRINT)
Place of publication, distribution, etc Chennai
Name of publisher, distributor, etc Pavai Publications
Date of publication, distribution, etc 2005
270 ## - ADDRESS
Address 142, Jani Jan Khan Raod, Rayapettah,
City Chennai
Postal code 600014
300 ## - PHYSICAL DESCRIPTION
Extent 207p.
Dimensions 22 cm (pbk)
651 ## - SUBJECT ADDED ENTRY--GEOGRAPHIC NAME
Geographic name India
General subdivision History
942 ## - ADDED ENTRY ELEMENTS (KOHA)
Source of classification or shelving scheme Dewey Decimal Classification
Item type English Books
Call number suffix SHA
Classification part 954
Holdings
Withdrawn status Lost status Source of classification or shelving scheme Damaged status Not for loan Collection code Home library Current library Date acquired Source of acquisition Cost, normal purchase price Total Checkouts Full call number Barcode Date last seen Copy number Cost, replacement price Koha item type
    Dewey Decimal Classification   Not For Loan Non-fiction D.B.Act.Division D.B.Act.Division 23/09/2008 DBAD / PUB 100.00   954 SHA EN-74562 23/09/2008 1 100.00 English Books

© Delhi Public Library
Hit Counter
free hit counter